MLB Teams on a Map - Statistics

General Stats
  • This quiz has been taken 143 times
  • The average score is 24 of 29
Answers on the Map
Answers color-coded by a green-red scale on the quiz's map according to % correct below.
 
Answer Stats
Answer % Correct
Cincinnati Reds
94%
Los Angeles Dodgers
91%
Boston Red Sox
90%
Chicago White Sox
90%
New York Yankees
89%
Seattle Mariners
88%
Toronto Blue Jays
88%
Houston Astros
86%
New York Mets
85%
Minnesota Twins
84%
San Diego Padres
84%
Atlanta Braves
83%
Chicago Cubs
83%
Miami Marlins
83%
Pittsburgh Pirates
83%
Tampa Bay Rays
83%
Los Angeles Angels
82%
Arizona Diamondbacks
81%
Colorado Rockies
81%
San Francisco Giants
81%
Baltimore Orioles
80%
Cleveland Guardians
79%
Kansas City Royals
78%
Texas Rangers
78%
Detroit Tigers
77%
Philadelphia Phillies
77%
Milwaukee Brewers
75%
Washington Nationals
74%
St. Louis Cardinals
73%
No matching quizzes found
Score Distribution
Percent of People with Each Score
Percentile by Number Answered
Your Score History
You have not taken this quiz